The migrations of the Oğuz

Elmentve itt :
Bibliográfiai részletek
Szerző: Golden Peter Benjamin
Dokumentumtípus: Cikk
Megjelent: Mouton [The Hague] 1972
Sorozat:Archivum ottomanicum
Kulcsszavak:Úzok története
Tárgyszavak:
Online Access:http://misc.bibl.u-szeged.hu/62562
LEADER 00759nab a2200229 i 4500
001 misc62562
005 20230202155010.0
008 220323s1972 hu o 0|| eng d
040 |a SZTE Miscellanea Repozitórium  |b hun 
041 |a eng 
100 1 |a Golden Peter Benjamin 
245 1 4 |a The migrations of the Oğuz  |h [elektronikus dokumentum] /  |c  Golden Peter Benjamin 
260 |a Mouton  |b [The Hague]  |c 1972 
300 |a 45-84  |c 24 cm 
300 |a [40] p.  |c 24 cm 
490 0 |a Archivum ottomanicum 
561 |a Németh Gyula hagyaték 
591 |a NOA 1948 
650 4 |a Bölcsészettudományok 
650 4 |a Történettudomány és régészet 
695 |a Úzok története 
856 4 0 |u http://misc.bibl.u-szeged.hu/62562/1/1948_noa_g48.pdf  |z Dokumentum-elérés